De l’écriture à la lecture : entre saisissement et vacillement (notice n° 1642926)

détails MARC
000 -LEADER
fixed length control field 01296cam a2200229 4500500
005 - DATE AND TIME OF LATEST TRANSACTION
control field 20260201144732.0
041 ## - LANGUAGE CODE
Language code of text/sound track or separate title fre
042 ## - AUTHENTICATION CODE
Authentication code dc
100 10 - MAIN ENTRY--PERSONAL NAME
Personal name Mourot, Laurence
Relator term author
245 00 - TITLE STATEMENT
Title De l’écriture à la lecture : entre saisissement et vacillement
260 ## - PUBLICATION, DISTRIBUTION, ETC.
Date of publication, distribution, etc. 2018.<br/>
500 ## - GENERAL NOTE
General note 86
520 ## - SUMMARY, ETC.
Summary, etc. L’auteur nous invite à une lecture croisée d’auteurs, convoquée de manière singulière dans un plaisir de lecture jamais déçu. Elle propose une réflexion sur le processus créateur à l’œuvre dans la création littéraire, s’appuyant sur les échanges de points de vue entre J.-B. Pontalis et M. de M’Uzan, puis sur le travail de D. Anzieu. Enfin, à travers la lecture de P. Modiano, entre réalité et fiction, entre espaces, lieux et temporalités, elle retrouve ces éprouvés d’inquiétante étrangeté en soi, en l’autre, qui décrivent une sensation proche du vacillement identitaire du créateur.
690 ## - LOCAL SUBJECT ADDED ENTRY--TOPICAL TERM (OCLC, RLIN)
Topical term or geographic name as entry element dissociation
690 ## - LOCAL SUBJECT ADDED ENTRY--TOPICAL TERM (OCLC, RLIN)
Topical term or geographic name as entry element inquiétude
690 ## - LOCAL SUBJECT ADDED ENTRY--TOPICAL TERM (OCLC, RLIN)
Topical term or geographic name as entry element pensée rêvante
690 ## - LOCAL SUBJECT ADDED ENTRY--TOPICAL TERM (OCLC, RLIN)
Topical term or geographic name as entry element processus créateur
690 ## - LOCAL SUBJECT ADDED ENTRY--TOPICAL TERM (OCLC, RLIN)
Topical term or geographic name as entry element régression
690 ## - LOCAL SUBJECT ADDED ENTRY--TOPICAL TERM (OCLC, RLIN)
Topical term or geographic name as entry element saisissement
786 0# - DATA SOURCE ENTRY
Note Empan | 111 | 3 | 2018-08-31 | p. 123-128 | 1152-3336
856 41 - ELECTRONIC LOCATION AND ACCESS
Uniform Resource Identifier <a href="https://shs.cairn.info/revue-empan-2018-3-page-123?lang=fr&redirect-ssocas=7080">https://shs.cairn.info/revue-empan-2018-3-page-123?lang=fr&redirect-ssocas=7080</a>

Pas d'exemplaire disponible.

PLUDOC

PLUDOC est la plateforme unique et centralisée de gestion des bibliothèques physiques et numériques de Guinée administré par le CEDUST. Elle est la plus grande base de données de ressources documentaires pour les Étudiants, Enseignants chercheurs et Chercheurs de Guinée.

Adresse

627 919 101/664 919 101

25 boulevard du commerce
Kaloum, Conakry, Guinée

Réseaux sociaux

Powered by Netsen Group @ 2025